• 首页
  • 本馆介绍
  • 公告通知
  • 最新文献
  • 馆藏检索
  • 电子资源
  • 读者导购
  • 参考咨询
  • 我的图书馆
  • 登录
  • 详细信息显示
  • 放入我的书架
  • 预约/预借图书
  • 作者相关作品
  • 分类相关作品
  • 丛书相关作品
  • 出版社相关作品

书目信息

  • 表格格式
  • 工作单格式
  • 卡片格式
题名:
新闻英语阅读课程
    
 
作者: 吴国燹 著
分册:  
出版信息: 北京   中国友谊出版公司  1987
页数: 190页
开本: 19cm
丛书名:
单 册:
中图分类: H319.4 , H31
科图分类:
主题词: 新闻-英语-阅读 , 英语-新闻-阅读 , 阅读-新闻-英语 , 英语
电子资源:
ISBN:
000 00764nam0 2200289 45
001 0187004620
005 20040511085204.3
010    @dCNY1.50
091    @a9309.3
100    @a19900808d1987 ek y0chiy0121 ea
101 2  @achi@aeng
102    @aCN@b110000
105    @ay z 000yy
106    @ar
200 10 @a新闻英语阅读课程@Axin wen ying yu yue du ke cheng@f吴国燹著
210    @a北京@c中国友谊出版公司@d1987
215    @a190页@d19cm
606    @a新闻-英语-阅读
606    @a英语-新闻-阅读
606    @a阅读-新闻-英语
606 0  @a英语
690    @aH319.4@v3
690    @aH31
701  0 @a吴国燹@Awu guo xian@4著
801  0 @aCN@b深圳图书馆@c20040511
801  2 @aCN@bNLC@c20040511
905    @f1@b212235@f1@b212233@f5@b236501-505@dH31@e263
    
    新闻英语阅读课程/吴国燹著.-北京:中国友谊出版公司,1987
    190页;19cm
    
    
    ISBN :CNY1.50
    
●
相关链接 在E读中查询图书 在五车中查询图书 在当当中查询图书 在豆瓣中查询图书


正题名:新闻英语阅读课程     索取号:H31/263         预约/预借

序号 登录号 条形码 馆藏地/架位号 状态 备注
1 0212233   000938454   第四借阅区/ [索取号:H31/263] 在馆    
2 0212234   000938542   第四借阅区/ [索取号:H31/263] 在馆    
3 0212235   000938506   第四借阅区/ [索取号:H31/263] 在馆    
4 0236501   000932860   第四借阅区/ [索取号:H31/263] 在馆    
5 0236502   000932879   第四借阅区/ [索取号:H31/263] 在馆    
6 0236503   000932833   第四借阅区/ [索取号:H31/263] 在馆    
7 0236504   000932888   第四借阅区/ [索取号:H31/263] 在馆    
8 0236505   000932842   第二样本阅览室/ [索取号:H31/263] 在馆    
唐山师范学院图书馆 欢迎您!
大连网信软件有限公司© 版权所有